University Home | Library Home | Institutional Repository

Ultrastructural studies of Rous mammalian sarcoma. (Record no. 55537)

MARC details
000 -LEADER
fixed length control field 00661cam5a220021700 4500
001 - CONTROL NUMBER
control field tmp15722768
003 - CONTROL NUMBER IDENTIFIER
control field UPRA
005 - DATE AND TIME OF LATEST TRANSACTION
control field 20190814132014.0
008 - FIXED-LENGTH DATA ELEMENTS--GENERAL INFORMATION
fixed length control field 951012s1969 xx eng u
035 ## - SYSTEM CONTROL NUMBER
System control number (Sirsi) r67462
035 ## - SYSTEM CONTROL NUMBER
System control number (UPRA)tmp15722768
040 ## - CATALOGING SOURCE
Transcribing agency UPRA
100 1# - MAIN ENTRY--PERSONAL NAME
Personal name Lindberg, Lars Goran.
Linkage A28180.1
245 10 - TITLE STATEMENT
Title Ultrastructural studies of Rous mammalian sarcoma.
260 ## - PUBLICATION, DISTRIBUTION, ETC.
Name of publisher, distributor, etc. Lund,
Date of publication, distribution, etc. 1969.
502 ## - DISSERTATION NOTE
Dissertation note Thesis presented to the Faculty of Medicine, University of Lund, 20 March 1970.
504 ## - BIBLIOGRAPHY, ETC. NOTE
Bibliography, etc. note Bibliography: p. 30-35.
650 #0 - SUBJECT ADDED ENTRY--TOPICAL TERM
Topical term or geographic name entry element Rous sarcoma.
Linkage S20306.1
949 ## - LOCAL PROCESSING INFORMATION (OCLC)
a RC255
w LC
i -90413
m MEDICAL
t BOOK
l ON-SHELF

No items available.

© 2026 - The University of Zambia Library - Koha v25.11